Подробности
| 000 -МАРКЕР |
| контрольное поле |
02403nam0a2200361 4500 |
| 001 - ИДЕНТИФИКАТОР ЗАПИСИ |
| контрольное поле |
RU\NLR\bibl\1036470 |
| 005 - ИДЕНТИФИКАТОР ВЕРСИИ |
| контрольное поле |
20260407112944.0 |
| 010 ## - МЕЖДУНАРОДНЫЙ СТАНДАРТНЫЙ НОМЕР КНИГИ (ISBN) |
| Номер (ISBN) |
5-9552-0162-9 |
| Тираж |
150 |
| 021 ## - НОМЕР ГОСУДАРСТВЕННОЙ РЕГИСТРАЦИИ |
| Код страны |
Российская Федерация |
| Номер |
2006-79191 |
| Номер Листа государственной регистраци |
4017 |
| 035 ## - ДРУГИЕ СИСТЕМНЫЕ НОМЕРА |
| Идентификатор записи |
(nilc)RSL-KNO-002996101 |
| 035 ## - ДРУГИЕ СИСТЕМНЫЕ НОМЕРА |
| Идентификатор записи |
(NLR Aleph) 001023892 |
| 100 ## - ДАННЫЕ ОБЩЕЙ ОБРАБОТКИ |
| Данные общей обработки |
20061208d2006 |||y0rusy50 ca |
| 101 0# - ЯЗЫК РЕСУРСА |
| Язык текста, звукозаписи и т.д. |
русский |
| 102 ## - СТРАНА ПУБЛИКАЦИИ ИЛИ ПРОИЗВОДСТВА |
| Страна публикации |
Российская Федерация |
| 105 ## - ПОЛЕ КОДИРОВАННЫХ ДАННЫХ: ТЕКСТОВЫЕ МАТЕРИАЛЫ, МОНОГРАФИЧЕСКИЕ |
| Кодированные данные о монографическом текстовом документе |
y ||||||||| |
| 200 1# - ЗАГЛАВИЕ И СВЕДЕНИЯ ОБ ОТВЕТСТВЕННОСТИ |
| Основное заглавие |
Применение оружия в ближнем бою |
| Сведения, относящиеся к заглавию |
учебно-методическое пособие |
| Первые сведения об ответственности |
МВД России, Гос. образоват. учреждение доп. проф. образования "Всерос. ин-т повышения квалификации сотрудников МВД России", Центр по подгот. специалистов по борьбе с терроризмом и экстремизмом |
| Последующие сведения об ответственности |
[Д.И. Федотов и др.] |
| 210 ## - ПУБЛИКАЦИЯ, РАСПРОСТРАНЕНИЕ И ДР. |
| Место издания, распространения и т.д. |
Домодедово |
| Имя издателя, распространителя и т. д. |
РИО ВИПК МВД России |
| Дата издания, распространения и т.д. |
2006 |
| 215 ## - ФИЗИЧЕСКАЯ ХАРАКТЕРИСТИКА |
| Специфическое обозначение материала и объем |
30 с. |
| Размеры |
21 |
| 320 ## - ПРИМЕЧАНИЯ О НАЛИЧИИ В ДОКУМЕНТЕ БИБЛИОГРАФИИ / УКАЗАТЕЛЯ |
| Текст примечания |
Библиогр.: с. 29 (4 назв.) |
| 606 1# - НАИМЕНОВАНИЕ ТЕМЫ КАК ПРЕДМЕТ |
| Наименование темы |
Пистолеты боевые |
| Формальный подзаголовок |
Учебно-методические пособия |
| Тематический подзаголовок |
Скоростная стрельба |
| -- |
Использование укрытия |
| Системный номер авторитетной/нормативной записи |
2132388 |
| Идентификатор авторитетной/нормативной записи |
RU\NLR\auth\661286310 |
| 610 0# - НЕКОНТРОЛИРУЕМЫЕ ПРЕДМЕТНЫЕ ТЕРМИНЫ |
| Предметный термин |
Государство и право. Юридические науки -- Административное право -- Российская Федерация -- Управление в области внутренних дел -- Организация и деятельность милиции -- Пособие для специалистов |
| 686 ## - ИНДЕКСЫ ДРУГИХ КЛАССИФИКАЦИЙ |
| Индекс |
Х621.163.1,07 |
| Код системы |
|
| 686 ## - ИНДЕКСЫ ДРУГИХ КЛАССИФИКАЦИЙ |
| Индекс |
Ц521.24-912я7 |
| 702 #1 - ИМЯ ЛИЦА - ВТОРИЧНАЯ ОТВЕТСТВЕННОСТЬ |
| Код отношения |
Составитель |
| Материалы, к которым относится поле |
rus |
| Графика поля |
Кириллица |
| Начальный элемент ввода |
Федотов |
| Часть имени, кроме начального элемента ввода |
Д. Л. |
| Дополнения к именам, кроме дат |
сотрудник МВД |
| Расширение инициалов личного имени |
Дмитрий Львович |
| Идентификатор авторитетной/нормативной записи |
RU\NLR\AUTH\7748167 |
| Системный номер авторитетной/нормативной записи |
31102 |
| 712 02 - НАИМЕНОВАНИЕ ОРГАНИЗАЦИИ - ВТОРИЧНАЯ ОТВЕТСТВЕННОСТЬ |
| Код отношения |
Прочие |
| Начальный элемент ввода |
Всероссийский институт повышения квалификации сотрудников МВД России |
| Идентифицирующий признак |
Домодедово |
| Структурное подразделение |
Центр подготовки специалистов по борьбе с терроризмом и экстремизмом |
| Идентификатор авторитетной/нормативной записи |
RU\NLR\AUTH\8810064992 |
| Системный номер авторитетной/нормативной записи |
631558 |
| 801 #0 - ИСТОЧНИК ЗАПИСИ |
| Страна |
Российская Федерация |
| Организация |
РКП |
| Дата составления |
20061208 |
| Правила каталогизации |
rcr |
| 801 #1 - ИСТОЧНИК ЗАПИСИ |
| Страна |
Российская Федерация |
| Организация |
РГБ |
| Дата составления |
20061208 |
| 801 #2 - ИСТОЧНИК ЗАПИСИ |
| Страна |
Российская Федерация |
| Организация |
NLR |
| Дата составления |
20070126 |
| Правила каталогизации |
rcr |
| 942 ## - ДОПОЛНИТЕЛЬНЫЕ ЭЛЕМЕНТЫ ЗАПИСИ (АБИС) |
| Тип экземпляра АБИС |
Книга |
| 980 ## - КОЛЛЕКЦИЯ |
| Название коллекции |
Национальная библиография |